000 00867nam a22002057a 4500
999 _c1745
_d1745
003 AR-CdUCM
008 190227b ||||| |||| 00| 0 spa d
040 _aMUNICIPALIDAD PROVINCIAL DEL CUSCO
_cBIBLIOTECA MUNICIPAL DEL CUSCO
082 _22 ed.
_a338.1 /
_bZ96
100 _aDe Zutter, Pierre
_96417
245 _aComo comunicarse con los campesinos /
260 _aLima :
_bHorizonte;
_c1986.
300 _a191 paginas ;
_c21 cm.
505 _aEs importante la comunicación -- Las dos dimensiones de la comunicación -- Los medios de comunicación versus la comunicación interpersonal -- Como desarrollar la comunicación en el campo -- como usar los medios de comunicación ...
650 _aDesarrollo agrícola
_91453
650 _aEducación extra escolar
_96418
650 _aPolíticas nacionales
_96419
942 _2ddc
_cLIBROS
945 _arum
_d2019-02-27